Marques vetements de A à Z - Statistiques

Statistiques générales
  • Ce quiz a été pris 1 989 fois
  • Le résultat moyen est 7 sur 26
Statistiques - réponses
Lettres Marque % Correct
Ad Adidas
91%
Ni Nike
78%
Za Zara
71%
Gu Gucci
44%
Yv Yves Saint Laurent
41%
Be Bershka
38%
H H&M
33%
Fi Fila
29%
Of Off White
27%
Ra Ralph
27%
Jo Jordan
26%
La Lacoste
25%
K- K-way
23%
Ik IKKS
21%
Pu Pull and Bear
21%
Th The North Face
17%
Ma Mango
16%
Va Vans
13%
El Ellesse
12%
Qu Quechua
11%
Ca Carhartt
8%
Un Under Armor
5%
St Stussy
3%
Xa Xavier
2%
Di Divin
0%
We Wellington
0%
Aucun quiz correspondant
Distribution des résultats
% des personnes avec chaque résultat
Percentile par nombre de réponses
Votre historique - résultats
Vous n’avez pas pris ce quiz